اكتمل التصدير — 

Francis Frith's Egypt and the Holy Land the pioneering photographic expeditions to the Middle East

محفوظ في:

المؤلف الرئيسي: Francis Frith

مؤلفون آخرون: R. S. Lunn

التنسيق: كتاب

اللغة: Undetermined

منشور في: england Francis Frith Collection, Salisbury, Wilts 2005

الموضوعات:

الوسوم: إضافة وسم

لا توجد وسوم, كن أول من يضع وسما على هذه التسجيلة!

رقم الطلب: (L) TR790 .L48

LEADER 00809nam a2200193Ia 4500
008 221124s9999||||xx |||||||||||||| ||und||
020 |a 978-185-937-7932 
050 4 |a (L) TR790 .L48 
100 1 |a Francis Frith 
245 1 0 |a  Francis Frith's Egypt and the Holy Land  |b  the pioneering photographic expeditions to the Middle East 
264 1 |a england  |b Francis Frith Collection, Salisbury, Wilts  |c 2005 
300 |a 234.p  |b  (some color)  |c  24 x 29cm. 
504 |a Includes bibligraphical references 
650 4 |a Egypt--Description and travel--pictorial works. 
650 4 |a Mddle East--Description and travel --pictorial works.  
700 1 |a R. S. Lunn 
942 |2 lcc  |c BK 
952 |0 0  |1 0  |2 lcc  |4 0  |7 1  |9 44033  |a ARCE  |b ARCE  |d 2022-11-24  |l 0  |o (L) TR790 .L48  |p 1025573  |r 2022-11-24 00:00:00  |w 2022-11-24  |y BK 
999 |c 50490  |d 50490